A Compendious History Of English Literature (Record no. 12404)

MARC details
000 -LEADER
fixed length control field 00430nam a22001697a 4500
003 - CONTROL NUMBER IDENTIFIER
control field OSt
008 - FIXED-LENGTH DATA ELEMENTS--GENERAL INFORMATION
fixed length control field 240408b |||||||| |||| 00| 0 eng d
020 ## - INTERNATIONAL STANDARD BOOK NUMBER
International Standard Book Number 9780706986310
082 ## - DEWEY DECIMAL CLASSIFICATION NUMBER
Classification number 810.9 TRC
100 ## - MAIN ENTRY--PERSONAL NAME
Personal name TRIVEDI, R. D.
245 ## - TITLE STATEMENT
Title A Compendious History Of English Literature
250 ## - EDITION STATEMENT
Edition statement Reprint
260 ## - PUBLICATION, DISTRIBUTION, ETC. (IMPRINT)
Place of publication, distribution, etc Noida,
Name of publisher, distributor, etc Vikas Publishing House Pvt. Ltd.,
Date of publication, distribution, etc 2022
300 ## - PHYSICAL DESCRIPTION
Extent 870 p.
650 ## - SUBJECT ADDED ENTRY--TOPICAL TERM
Topical term or geographic name as entry element English
942 ## - ADDED ENTRY ELEMENTS (KOHA)
Source of classification or shelving scheme Dewey Decimal Classification
Koha item type Text Books
Holdings
Withdrawn status Lost status Source of classification or shelving scheme Damaged status Not for loan Collection code Home library Current library Date acquired Source of acquisition Currency Cost, normal purchase price Bill Number Total Checkouts Full call number Acc. no. / Barcode Date last seen Actual Cost, discounted price Bill Date Koha item type Date last borrowed
    Dewey Decimal Classification     B.A Hons. English PIET NCR College Library PIET NCR College Library 06/04/2024 Zafaa Books & Distributors In Rupees 750.00 ZBD0003   810.9 TRC N3614 08/04/2024 517.50 06/04/2024 Reference Books  
    Dewey Decimal Classification     B.A Hons. English PIET NCR College Library PIET NCR College Library 06/04/2024 Zafaa Books & Distributors In Rupees 750.00 ZBD0003 1 810.9 TRC N3615 13/08/2024 517.50 06/04/2024 Text Books 30/07/2024
    Dewey Decimal Classification     B.A Hons. English PIET NCR College Library PIET NCR College Library 06/04/2024 Zafaa Books & Distributors In Rupees 750.00 ZBD0003   810.9 TRC N3616 08/04/2024 517.50 06/04/2024 Text Books  
    Dewey Decimal Classification     B.A Hons. English PIET NCR College Library PIET NCR College Library 06/04/2024 Zafaa Books & Distributors In Rupees 750.00 ZBD0003   810.9 TRC N3617 08/04/2024 517.50 06/04/2024 Text Books  

Design & Developed by: PIET Central Library
R70 Miles Stone Pattikalyana Samalkha Panipat 132102
mail ID :- [email protected], Phone No:- 0180-2569700 Ex.216